| 000 | 00960cam a22002413a 4500 | ||
|---|---|---|---|
| 001 | 12184 | ||
| 003 | PGUSA | ||
| 005 | 20140828083246.0 | ||
| 008 | 040401s2004||||xxu|||||s|||||000 | eng d | ||
| 040 |
_aPGUSA _beng |
||
| 042 | _adc | ||
| 050 | 4 | _aPS | |
| 100 | 1 |
_aBell, Lilian, _d1867-1929 |
|
| 245 | 1 | 0 |
_aAbroad with the Jimmies _h[electronic resource] / _cLilian Bell |
| 260 |
_bProject Gutenberg, _c2004 |
||
| 505 | 0 | _aOur house-boat at Henley -- Paris -- Strasburg and Baden-Baden -- Stuttgart, Nuremberg, and Bayreuth -- The Passion play -- Munich to the Achensee -- Dancing in the Austrian Tyrol -- Salzburg -- Ischl -- Vienna -- My first interview with Tolstoy -- At one of the Tolstoy receptions -- Shopping experiences. | |
| 506 | _aPublic domain in the USA. | ||
| 516 | _aElectronic text | ||
| 653 | _aEurope -- Description and travel | ||
| 830 | 0 |
_aProject Gutenberg _v12184 |
|
| 856 | 4 | 0 | _uhttp://www.gutenberg.org/ebooks/12184 |
| 942 | _cEB | ||
| 999 |
_c241439 _d241439 |
||